| 000 | 00372nam a22001457a 4500 | ||
|---|---|---|---|
| 020 | _a9788177541748 | ||
| 082 |
_a632.3 _bJOS/IM |
||
| 100 |
_aJoshi K.R. _91304 |
||
| 100 |
_aOsama N.O. _91305 |
||
| 245 | _aImmunology (Including Serology, Immunology and Immunohaematology) | ||
| 250 | _a5 th | ||
| 260 |
_aJodhpur _bAgrobios (India) _c2012 |
||
| 300 | _a360 | ||
| 942 | _cBBS | ||
| 999 |
_c14739 _d14739 |
||